000 00717nam a22002417a 4500
003 UA-OsUOA
001 31768
007 ta
008 20050112b un ||||| |||| 00| 0 ukr d
100 _aГоранович Максим Миланович
090 _a94(4).1930/1933
_bГ67
942 _cBK
040 _aUA-OsUOA
_brus
_cUA-OsUOA
_dUA-OsUOA
245 _aАграрный кризис и распад Аграрного блока стран Восточной и Юго-Восточной Европы (1930-1933)
300 _a221 с.
955 _a0
041 _arus
080 _a94(4).1930/1933
260 _aМосква
_bНаука
_c1971
044 _aRU
650 7 _2UDC
999 _c318198
_d318198